Собрание сочинений: В 4 т.; Т. 3. Царство зверя. Трилогия. 1. Павел Первый. 2. Александр Первый

Detalhes bibliográficos
Autor principal: Мережковский Д. С. Дмитрий Сергеевич
Outros Autores: Михайлов О. Н. (составитель), Брусиловский А. Р. (иллюстратор)
Idioma:russo
Publicado em: Москва, Правда, 1990
Colecção:Библиотека "Огонёк"
Assuntos:
Formato: Livro
KOHA link:https://koha.lib.tpu.ru/cgi-bin/koha/opac-detail.pl?biblionumber=118962

MARC

LEADER 00000nam0a2200000 4500
001 118962
005 20231101215515.0
020 |a RU  |b 90-36970 
035 |a (RuTPU)RU\TPU\book\128733 
090 |a 118962 
100 |a 20070620g1990 m y0rusy5003 ca 
101 0 |a rus 
102 |a RU 
105 |a a z 000ay 
200 1 |a Собрание сочинений  |e В 4 т.  |h Т. 3. Царство зверя. Трилогия. 1. Павел Первый. 2. Александр Первый  |f Д. С. Мережковский  |g сост. О. Н. Михайлов; худож. А. Р. Брусиловский 
210 |a Москва  |c Правда  |d 1990 
215 |d 21 см  |a 559 с.  |c ил. 
225 1 |a Библиотека "Огонёк" 
600 0 |a Павел  |d I  |f 1754-1801  |c российский император из династии Романовых (1796-1801)  |2 stltpush  |3 (RuTPU)RU\TPU\pers\358 
600 0 |a Александр  |d I  |c российский император из династии Романовых (1801-1825)  |f 1777-1825  |2 stltpush  |3 (RuTPU)RU\TPU\pers\8 
610 1 |a Россия 
610 1 |a 19 век 
610 1 |a русская литература 
610 1 |a 19 век 
675 |a Р1  |z rus  |v 3 
700 1 |a Мережковский  |b Д. С.  |c русский писатель  |c религиозный философ  |c поэт  |f 1865-1941  |g Дмитрий Сергеевич  |2 stltpush  |3 (RuTPU)RU\TPU\pers\1229  |9 550 
702 1 |a Михайлов  |b О. Н.  |4 220 
702 1 |a Брусиловский  |b А. Р.  |4 440 
801 0 |a RU  |b RuMRKP  |c 19950417  |g psbo 
801 1 |a RU  |b 63413507  |c 20070620  |g PSBO 
801 2 |a RU  |b 63413507  |c 20070906  |g PSBO 
942 |c BK